000 01529nam a22003017a 4500
999 _c6602
_d6602
003 OSt
005 20200227091201.0
008 130821s2013 ck d fr 0dspa
020 _a9580466335
020 _a9789588726083
040 _aCo-BoUCM
_bspa
_cCO-JMCR
041 0 0 _aspa
082 0 4 _a330.01 /
_bS246
_220
100 1 _aSarmiento Palacio, Eduardo,
_991792
_eautor
245 1 3 _aEl modelo propio :
_bteorías económicas e instrumentos /
_cEduardo Sarmiento Palacio
250 _a2a. Edición
260 _aBogotá (Colombia) :
_bEscuela Colombiana de Ingeniería,
_c2013
300 _axxii, 456 páginas :
_bgráficas a blanco y negro ;
_c23 cm.
490 _aColección de economía
500 _aIncluye datos biográficos del autor en solapa frontal.
504 _aBibliografía: páginas 451-456
505 _aLa ley de say -- Demanda efectiva y mercado monetario -- Apertura e integración -- Industria y agricultura -- Hacia una teoría del conocimiento internacional -- Replanteamiento del crecimiento económico -- Distribución del ingreso y organización económica -- Bases para la coordinación fiscal y monetaria -- Ahorro y tasa de interés -- Evolución científica y desarrollo industrial -- Sectores líderes y y exportaciones industriales -- Educación integrada -- Las reglas del modelo propio --
650 1 7 _aAhorro e inversión
_98752
650 2 7 _aApertura económica
_99239
650 2 7 _aModelos económicos
_919669
650 2 7 _aTeoría económica
_925318
942 _cBK
_2ddc